Library Logo

Pioneer International University Library Catalogue

MASAGISA NA ZIMWI MBILIKIMO (Record no. 9625)

MARC details
000 -LEADER
fixed length control field 00423nam a22001457a 4500
003 - CONTROL NUMBER IDENTIFIER
control field OSt
005 - DATE AND TIME OF LATEST TRANSACTION
control field 20251015100912.0
008 - FIXED-LENGTH DATA ELEMENTS--GENERAL INFORMATION
fixed length control field 251015b |||||||| |||| 00| 0 eng d
020 ## - INTERNATIONAL STANDARD BOOK NUMBER
International Standard Book Number 9799966471429
040 ## - CATALOGING SOURCE
Transcribing agency PHOENIX PUBLISHERS LIMITED
050 ## - LIBRARY OF CONGRESS CALL NUMBER
Classification number PL 8704 .M38 2007
245 ## - TITLE STATEMENT
Title MASAGISA NA ZIMWI MBILIKIMO
Statement of responsibility, etc. MATUNDURA, BITUGI
260 ## - PUBLICATION, DISTRIBUTION, ETC.
Place of publication, distribution, etc. KIJABE STREET, NAIROBI KENYA
Name of publisher, distributor, etc. PHOENIX PUBLISHERS LTD
Date of publication, distribution, etc. 2007
942 ## - ADDED ENTRY ELEMENTS (KOHA)
Source of classification or shelving scheme Library of Congress Classification
Koha item type Books
Suppress in OPAC No

No items available.